00758nam a2200217 a 4500999001500000001000600015003000900021005001700030008004100047040003800088082002400126245009100150260004800241300002200289310001200311505001100323650004400334700002400378942001200402952012600414 c1769d176919484BD-DhUAP20200216124324.0200216s2004 bg w 000 0 eng d aBD-DhAALcBD-DhAALbEngdBD-DhUAP00a348.5492046 BAN22304aThe Bangladesh law chronicles :ba monthly law journal /cEdited by Syed Mokaddas Ali. aDhaka :bBangladesh Law Chronicles,cc2004. avolumes ;c25 cm. aMonthly aV. 9-- 0aLaw reports, digests, etc.zBangladesh. aAli, Syed Mokaddas.002ddccBK 00102ddc4070aUAPCLbUAPCLcGeneral Stacksd2020-02-16o348.5492046 BAN V-9p3010019484r2020-02-16t1w2020-02-16yBK